00845nas a2200229Ia 4500001001100000003000900011008004100020040001300061040001300074041001300087100005100100210002000151222002000171245010800191250001100299260002800310501008600338300001900424362004300443500009300486650003600579R012/42587IT-RoPAU151124c99999999xx |||||||||||| ||und|| aIT-RoPAU cIT-RoPAU aITALIANO aGrignaffini GiovannagCodice Aut. SPICS: 5806 aCINEMA & CINEMA aCinema & Cinema aCINEMA & CINEMA, ANNO 06-N.21 (OTTOBRE-DICEMBRE 1979)bCronaca In Margine A un Film Che Sale: "La Luna" a1a ed. aVENEZIAbMARSILIOc1979 bPaulus - SPICS - Società San Paolo EM (non-commercial uses only)cCopyright2015 a17 p. [86-102] aANNO 006, N.21 (OTTOBRE-DICEMBRE 1979) aA Proposito del Film di Bernardo Bertolucci. Riflessioni e Conversazione con il Regista. aCINEMAvPUBBLICAZIONE PERIODICA